Narodowości strzelców Premier League w sezonie 2023/24 - Statystyki

Ogólne statystyki
  • Ten quiz został rozwiązany 499 razy
  • Średni wynik to 7 z 10
Statystyki odpowiedzi
Miejsce Narodowość Piłkarze Liczba bramek % Poprawnych
1 Anglia 280 369
99%
3 Francja 28 64
87%
5 Portugalia 23 40
80%
6 Norwegia 6 39
78%
2 Brazylia 34 97
77%
4 Argentyna 15 43
76%
7 Holandia 20 36
65%
8 Szwecja 7 35
53%
9 Dania 14 29
40%
10 Korea Południowa 4 29
23%
Nie znaleziono quizów pasujących do podanych kryteriów
Rozkład punktacji
Procent ludzi z każdym wynikiem
Percentyl według liczby udzielonych odpowiedzi
Twoja historia wyników
Nie rozwiązałeś tego quizu